Alice Carta in Inghilterra /

Gardado en:
Detalles Bibliográficos
Autor Principal: Cagnoni, Fiorella
Formato: Libro
Idioma:Lingua italiana
Publicado: Melendugno : Zane, 2007
Series:La chiocciola
Subjects:
Tags: Engadir etiqueta
Sen Etiquetas, Sexa o primeiro en etiquetar este rexistro!

MARC

LEADER 00000nam a22000007i 4500
001 IT\ICCU\BRI\0420746
003 ItRI
005 20260115231952.0
008 090113s2007 it |||||| ||||| |||||c
020 |a 8887063966 
040 |b ita  |c importazione bologna sebina 
041 7 |a ita  |2 ISO-639-2 
100 1 |a Cagnoni, Fiorella  |0 IT\ICCU\CFIV\054799 
240 1 0 |a Alice Carta in Inghilterra  |3 IT\ICCU\UBO\4814549 
245 1 0 |a Alice Carta in Inghilterra /  |c Fiorella Cagnoni. 
260 |a Melendugno :  |b Zane,  |c 2007 
300 |a 218 p. ;  |c 18 cm 
650 7 |a Narrativa italiana  |x Sec. 20. 
752 |d Melendugno 
830 3 |a La chiocciola  |0 IT\ICCU\BRI\0420748 
942 |2 ddc  |c BK  |n 0 
952 |0 0  |1 0  |4 0  |6 L_853_920000000000000_CAG  |7 0  |9 18066  |a BO  |b BO  |d 2026-01-15  |i 20633  |l 0  |o L 853.92 CAG  |p BO20633  |r 2026-01-15 23:19:52  |w 2026-01-15  |x [Sebina 5] [1 v.]  |y BK  |z 1 v. 
999 |c 15339  |d 15339